[Event "Aimchess Rapid Div 3 L"]
[Site "chess.com INT"]
[Date "2023.07.11"]
[Round "3.3"]
[White "Andreikin, Dmitry"]
[Black "Perez Ponsa, Federico"]
[Result "1-0"]
[WhiteTitle "GM"]
[BlackTitle "GM"]
[WhiteElo "2729"]
[BlackElo "2527"]
[WhiteFideId "4158814"]
[BlackFideId "117927"]
[EventDate "2023.07.10"]
[EventType "k.o."]

1. e4 c6 2. Nf3 d5 3. d3 dxe4 4. dxe4 Qxd1+ 5. Kxd1 Nf6 6. Nfd2 h5 7. Nc3 h4 8.
a4 h3 9. g3 Ng4 10. Ke1 e5 11. f3 Ne3 12. Bd3 Nd7 13. Ke2 Ng2 14. a5 Nc5 15. Nc4
f6 16. Na4 Be6 17. Bd2 O-O-O 18. Nxc5 Bxc5 19. b4 Be7 20. Bc3 Kc7 21. Rhb1 a6
22. Nb6 g5 23. Bc4 Bxc4+ 24. Nxc4 Rhg8 25. Rd1 g4 26. Rxd8 Bxd8 27. Rd1 Be7 28.
Nb6 Bd6 29. Nc4 Be7 30. fxg4 Rxg4 31. Kf3 Rg8 32. Rd3 Bf8 33. Bd2 Rh8 34. Kg4
Bh6 35. Bc3 Rh7 36. Kf5 Bg5 37. Ke6 Nf4+ 38. gxf4 Bxf4 39. Nd6 Bxh2 40. Ne8+ Kb8
41. Nxf6 Rh6 42. Kf5 Bf4 43. Rd1 h2 44. Rh1 1-0

[Event "Aimchess Rapid Div 3 L"]
[Site "chess.com INT"]
[Date "2023.07.11"]
[Round "3.3"]
[White "Durarbayli, Vasif"]
[Black "Gledura, Benjamin"]
[Result "1-0"]
[WhiteTitle "GM"]
[BlackTitle "GM"]
[WhiteElo "2631"]
[BlackElo "2645"]
[WhiteFideId "13402935"]
[BlackFideId "712779"]
[EventDate "2023.07.10"]
[EventType "k.o."]

1. e4 c5 2. Nf3 e6 3. d4 cxd4 4. Nxd4 a6 5. c4 Nf6 6. Nc3 Qc7 7. Be3 Bb4 8. Qb3
Be7 9. Be2 Nc6 10. O-O h5 11. Nxc6 bxc6 12. f4 Rb8 13. Qc2 d5 14. e5 Ng4 15.
Bxg4 hxg4 16. Rad1 Rb4 17. b3 dxc4 18. Ne4 cxb3 19. axb3 O-O 20. Bc5 Bxc5+ 21.
Nxc5 f6 22. Qc3 a5 23. exf6 Rxf4 24. Rxf4 Qxf4 25. Rf1 Qg5 26. Ne4 Qd5 27. Qc2
Qd4+ 28. Kh1 gxf6 29. Rd1 Qe5 30. Qxc6 f5 31. Nd6 Rd8 32. Qc7 Qf6 33. Re1 Ba6
34. Qb6 Bd3 35. Nb7 Rd5 36. Nc5 Be4 37. Nxe6 Qh4 38. Rc1 g3 39. Rc8+ Kf7 40.
Rc7+ Kf6 41. Nf8+ Kg5 42. Rg7+ Kf4 43. Ng6+ Kg5 44. Nxh4+ Kf4 45. hxg3+ Ke5 46.
Ng6# 1-0

[Event "Aimchess Rapid Div 3 L"]
[Site "chess.com INT"]
[Date "2023.07.11"]
[Round "3.3"]
[White "Gareyev, Timur"]
[Black "Smirnov, Pavel"]
[Result "0-1"]
[WhiteTitle "GM"]
[BlackTitle "GM"]
[WhiteElo "2581"]
[BlackElo "2538"]
[WhiteFideId "14200937"]
[BlackFideId "4123425"]
[EventDate "2023.07.10"]
[EventType "k.o."]

1. d4 Nf6 2. c4 e6 3. Nc3 Bb4 4. Nf3 O-O 5. Bg5 c5 6. e3 cxd4 7. exd4 d5 8. Rc1
h6 9. Bh4 Nc6 10. Bd3 dxc4 11. Bxc4 Be7 12. O-O Bd7 13. a3 Rc8 14. Ba2 Nh5 15.
Bg3 Nxg3 16. hxg3 Bf6 17. Qd3 Ne7 18. Ne4 Ng6 19. Rxc8 Bxc8 20. Re1 Be7 21. Nc3
Re8 22. d5 Bf6 23. Ne4 Bxb2 24. d6 Bd7 25. Rb1 Ne5 26. Qc2 Nxf3+ 27. gxf3 Bd4
28. Rxb7 Bb6 29. Nc5 Bc8 30. d7 Bxb7 31. dxe8=Q+ Qxe8 32. Nxb7 Qd7 33. Qe4 Qd2 0-1

[Event "Aimchess Rapid Div 3 L"]
[Site "chess.com INT"]
[Date "2023.07.11"]
[Round "3.3"]
[White "Pantsulaia, Levan"]
[Black "Kramnik, Vladimir"]
[Result "1-0"]
[WhiteTitle "GM"]
[BlackTitle "GM"]
[WhiteElo "2564"]
[BlackElo "2753"]
[WhiteFideId "13602071"]
[BlackFideId "4101588"]
[EventDate "2023.07.10"]
[EventType "k.o."]

1. g3 d5 2. Nf3 Nf6 3. Bg2 Bg4 4. c4 c6 5. Ne5 Be6 6. cxd5 Bxd5 7. Nf3 c5 8. Nc3
Bc6 9. O-O g6 10. Qb3 Qb6 11. Ne5 Qxb3 12. axb3 Bxg2 13. Kxg2 Na6 14. d3 Bg7 15.
Bd2 O-O 16. Ra5 Rfc8 17. Rfa1 Ne8 18. Nc4 Nec7 19. Be3 Ne6 20. Nd5 Kf8 21. Rb5
Rab8 22. b4 Rd8 23. bxc5 Rxd5 24. Rxa6 Nc7 25. Raa5 Nxb5 26. Rxb5 b6 27. Rb3 b5
28. Bf4 e5 29. Be3 Bf6 30. Na5 Be7 31. Rc3 Rc8 32. b4 f5 33. Ra3 Rd7 34. h4 Kf7
35. Nb3 Rc6 36. Ra1 Bf6 37. Ra5 a6 38. Ra2 Bd8 39. f4 Bc7 40. Kf3 Re6 41. fxe5
Bxe5 42. Bd2 Rde7 43. Be1 Rd7 44. Rc2 h6 45. Bd2 Kg7 46. Bf4 Bxf4 47. gxf4 Kf6
48. c6 Rc7 49. Nd4 Rd6 50. e3 Rd5 51. Rc1 Ke7 52. Rg1 Kf6 53. Ra1 Rxd4 54. exd4
Rxc6 55. d5 Rd6 56. Ke3 g5 57. hxg5+ hxg5 58. fxg5+ Kxg5 59. Rg1+ Kf6 60. Kd4
Rd8 61. Ra1 f4 62. Rxa6+ Kf5 63. Ra7 f3 64. Rf7+ Kg4 65. Kc5 Kg3 66. d6 f2 67.
Kc6 Kg2 68. d7 f1=Q 69. Rxf1 Kxf1 70. Kc7 Rh8 71. d8=Q Rxd8 72. Kxd8 Ke2 73. d4
Kd3 74. d5 Kc4 75. d6 Kxb4 76. d7 Kb3 77. Kc7 b4 78. d8=Q Kc2 79. Qd4 Kb3 80.
Qd3+ Kb2 81. Kb6 Ka2 82. Qc4+ Kb2 83. Qxb4+ 1-0

[Event "Aimchess Rapid Div 3 L"]
[Site "chess.com INT"]
[Date "2023.07.12"]
[Round "4.1"]
[White "Fressinet, Laurent"]
[Black "Smirnov, Pavel"]
[Result "0-1"]
[WhiteTitle "GM"]
[BlackTitle "GM"]
[WhiteElo "2652"]
[BlackElo "2538"]
[WhiteFideId "608742"]
[BlackFideId "4123425"]
[EventDate "2023.07.10"]
[EventType "k.o."]

1. e4 e5 2. Nf3 Nc6 3. Bb5 a6 4. Ba4 Nf6 5. O-O Be7 6. d3 b5 7. Bb3 d6 8. a4 Bd7
9. c3 O-O 10. Bc2 d5 11. Bg5 dxe4 12. dxe4 Be6 13. Nbd2 Nd7 14. axb5 axb5 15.
Rxa8 Qxa8 16. Bxe7 Nxe7 17. Ng5 Qc6 18. Nxe6 Qxe6 19. Bb3 Qd6 20. Qe2 b4 21. Rd1
bxc3 22. bxc3 Nc5 23. Nf3 Qb6 24. Bc4 Ng6 25. g3 h6 26. h4 Qf6 27. Qe3 Nb7 28.
Rd7 Qc6 29. Bxf7+ Kh8 30. Bxg6 Qxd7 31. Nxe5 Qe6 32. f4 Nd6 33. Bh5 Ra8 34. Be2
Qh3 35. f5 Ra2 36. Ng6+ Kh7 37. Nf4 Ra1+ 38. Kf2 Qh1 39. Ng2 Qg1+ 40. Kf3 Qxe3+
41. Nxe3 Nf7 42. Kf4 Ra2 43. Kf3 Ne5+ 44. Kf2 Kg8 45. Nd5 Kf7 46. Nxc7 Ke7 47.
Ne6 g6 48. Nd4 Kf6 49. fxg6 Kxg6 50. Ke3 Ra3 51. Kf4 Kf6 52. Nb5 Rb3 53. g4 Ng6+
54. Kg3 Ke5 55. Bc4 Rb1 56. Bd5 Rg1+ 57. Kh3 Nf4+ 58. Kh2 Rg2+ 59. Kh1 Rxg4 60.
Nd4 Rxh4+ 61. Kg1 Rg4+ 62. Kh2 Nxd5 63. exd5 Kxd5 64. Kh3 Rg5 65. Nf3 Rg7 66.
Kh4 Ke4 67. Nd4 Rg5 68. Ne6 Rg6 69. Nd4 Kf4 70. Kh5 Rd6 71. Ne2+ Kf5 72. Nd4+
Kf4 73. Ne2+ Ke4 74. Nd4 Rf6 75. Kg4 Rf1 76. Ne2 Ke3 77. Nd4 Rg1+ 78. Kh3 Rh1+
79. Kg2 Rh5 80. Kg3 Rc5 81. Kg4 Ke4 82. Ne2 Rg5+ 83. Kh4 Kd3 84. Ng3 Ke3 85.
Nf1+ Ke2 86. Ng3+ Kf3 87. Nf1 Rg2 88. Kh3 Kf2 89. Nh2 h5 90. c4 Rg3+ 91. Kh4 Kg2
92. Nf1 Rh3+ 0-1

[Event "Aimchess Rapid Div 3 L"]
[Site "chess.com INT"]
[Date "2023.07.12"]
[Round "4.1"]
[White "Grischuk, Alexander"]
[Black "Andreikin, Dmitry"]
[Result "1/2-1/2"]
[WhiteTitle "GM"]
[BlackTitle "GM"]
[WhiteElo "2736"]
[BlackElo "2729"]
[WhiteFideId "4126025"]
[BlackFideId "4158814"]
[EventDate "2023.07.10"]
[EventType "k.o."]

1. e4 e5 2. Nf3 Nc6 3. Bb5 a6 4. Ba4 d6 5. c3 Bd7 6. d4 Nf6 7. Nbd2 g6 8. O-O
Bg7 9. Re1 O-O 10. Bc2 Re8 11. h3 Qe7 12. a3 Qf8 13. Nf1 Rad8 14. Ng3 Bc8 15. d5
Ne7 16. c4 Bh6 17. b4 Kh8 18. c5 Bd7 19. Ba4 b5 20. Bb3 Nh5 21. Nxh5 gxh5 22.
Ng5 Bxg5 23. Bxg5 f6 24. Bh4 Ng6 25. Qxh5 Nf4 26. Qf3 Bxh3 27. gxh3 Qh6 28. Bg3
Rg8 29. Re3 Rg6 30. Kf1 Rdg8 31. Bxf4 exf4 32. Ree1 Rg3 33. fxg3 Rxg3 34. Qxg3
fxg3 35. Kg2 Qd2+ 36. Kxg3 Qc3+ 37. Kg4 Qxb3 38. Kf5 Qc3 39. Ke6 dxc5 40. bxc5
Qxc5 41. Kxf6 Qd6+ 42. Kf7 Qd7+ 43. Kf6 Qd6+ 44. Kf7 Qd7+ 45. Kf6 Qd6+ 1/2-1/2

[Event "Aimchess Rapid Div 3 L"]
[Site "chess.com INT"]
[Date "2023.07.12"]
[Round "4.1"]
[White "Le, Quang Liem"]
[Black "Durarbayli, Vasif"]
[Result "1-0"]
[WhiteTitle "GM"]
[BlackTitle "GM"]
[WhiteElo "2728"]
[BlackElo "2631"]
[WhiteFideId "12401137"]
[BlackFideId "13402935"]
[EventDate "2023.07.10"]
[EventType "k.o."]

1. d4 Nf6 2. c4 e6 3. Nf3 b6 4. g3 Ba6 5. b3 d5 6. Bg2 Bb4+ 7. Bd2 Bxd2+ 8.
Nbxd2 O-O 9. O-O c5 10. Rc1 Nbd7 11. dxc5 bxc5 12. cxd5 exd5 13. Re1 Re8 14. e3
Qb6 15. Nb1 Bb7 16. Nc3 Bc6 17. Re2 Rad8 18. Rd2 Qb7 19. Ne1 Ne5 20. Nd3 Nxd3
21. Rxd3 h5 22. h4 d4 23. Bxc6 Qxc6 24. exd4 Rxd4 25. Rxd4 cxd4 26. Qxd4 Ng4 27.
Ne2 Qf3 28. Nf4 Re4 29. Qxa7 Kh7 30. Nh3 f6 31. Qc5 Ne5 32. Qc2 Kh8 33. Qd1 Re2
34. Rc8+ Kh7 35. Rc2 Rxc2 36. Qxc2+ Kh8 37. Nf4 Qa8 38. Ng6+ Nxg6 39. Qxg6 Qxa2
40. Qxh5+ Kg8 41. Qe8+ Kh7 42. Qe4+ Kh6 43. b4 Qb3 44. Kg2 Qb2 45. Qb7 f5 46. b5
g6 47. Qc6 f4 48. g4 Qb3 49. g5+ Kh7 50. b6 1-0

[Event "Aimchess Rapid Div 3 L"]
[Site "chess.com INT"]
[Date "2023.07.12"]
[Round "4.1"]
[White "Pichot, Alan"]
[Black "Pantsulaia, Levan"]
[Result "1-0"]
[WhiteTitle "GM"]
[BlackTitle "GM"]
[WhiteElo "2633"]
[BlackElo "2564"]
[WhiteFideId "110973"]
[BlackFideId "13602071"]
[EventDate "2023.07.10"]
[EventType "k.o."]

1. e4 c6 2. d4 d5 3. e5 Bf5 4. Nc3 e6 5. g4 Bg6 6. Nge2 c5 7. h4 h5 8. Nf4 Ne7
9. Nb5 Nec6 10. Nxg6 fxg6 11. Qd3 a6 12. Qxg6+ Kd7 13. Bg5 Ne7 14. Bxe7 Bxe7 15.
Nd6 Qa5+ 16. Kd1 Nc6 17. gxh5 Bxd6 18. exd6 Nxd4 19. Bd3 Kxd6 20. c3 Nf3 21.
Qg3+ Ne5 22. Re1 Rxh5 23. Bg6 Qa4+ 24. b3 Qxh4 25. Bxh5 Qxh5+ 26. Kc2 Rf8 27.
Kb2 Rxf2+ 28. Ka3 Qh2 29. Qxg7 b5 30. Qb7 b4+ 31. cxb4 cxb4+ 32. Qxb4+ Kd7 33.
Qb7+ Ke8 34. Qb8+ Kd7 35. Qxe5 Qh6 36. Rac1 Qf8+ 37. b4 1-0

[Event "Aimchess Rapid Div 3 L"]
[Site "chess.com INT"]
[Date "2023.07.12"]
[Round "4.2"]
[White "Andreikin, Dmitry"]
[Black "Grischuk, Alexander"]
[Result "1/2-1/2"]
[WhiteTitle "GM"]
[BlackTitle "GM"]
[WhiteElo "2729"]
[BlackElo "2736"]
[WhiteFideId "4158814"]
[BlackFideId "4126025"]
[EventDate "2023.07.10"]
[EventType "k.o."]

1. Nf3 d5 2. g3 g6 3. Bg2 Bg7 4. d4 Nf6 5. O-O O-O 6. Nbd2 c5 7. dxc5 a5 8. a4
Nc6 9. Nb3 e5 10. Bg5 Be6 11. e4 d4 12. Ne1 h6 13. Bxf6 Qxf6 14. Nd3 h5 15. f4
h4 16. f5 Bxb3 17. cxb3 hxg3 18. Qg4 gxh2+ 19. Kxh2 Bh6 20. Bh3 Qg5 21. fxg6
fxg6 22. Qxg5 Bxg5 23. Rg1 Bf4+ 24. Nxf4 Rxf4 25. Rxg6+ Kf7 26. Rh6 Rf8 27. Rg1
Rxe4 28. Be6+ Ke8 29. Bd5 Re2+ 30. Kh3 d3 31. Rg7 Re3+ 32. Kg2 Re2+ 33. Kh3 Re3+
34. Kg2 Re2+ 35. Kh3 1/2-1/2

[Event "Aimchess Rapid Div 3 L"]
[Site "chess.com INT"]
[Date "2023.07.12"]
[Round "4.2"]
[White "Durarbayli, Vasif"]
[Black "Le, Quang Liem"]
[Result "1-0"]
[WhiteTitle "GM"]
[BlackTitle "GM"]
[WhiteElo "2631"]
[BlackElo "2728"]
[WhiteFideId "13402935"]
[BlackFideId "12401137"]
[EventDate "2023.07.10"]
[EventType "k.o."]

1. e4 e5 2. Nf3 Nc6 3. Bb5 a6 4. Ba4 d6 5. c3 Bd7 6. d4 Nf6 7. O-O Nxe4 8. Re1
Nf6 9. dxe5 dxe5 10. Nxe5 Nxe5 11. Rxe5+ Be7 12. Bxd7+ Qxd7 13. Qxd7+ Kxd7 14.
Bg5 Bd6 15. Bxf6 Bxe5 16. Bxe5 Rhe8 17. f4 f6 18. Bd4 Re1+ 19. Kf2 Rae8 20. c4
R8e2+ 21. Kf3 c5 22. Bf2 Rxf2+ 23. Kxf2 Rh1 24. Ke3 Ke6 25. g4 h5 26. gxh5 Kf5
27. a4 Kg4 28. Ke4 f5+ 29. Ke5 Re1+ 30. Kd5 Kxf4 31. Kxc5 Kg4 32. Kb6 f4 33. c5
f3 34. a5 f2 35. Ra4+ Kf3 36. Nd2+ Ke3 37. Kxb7 Kxd2 38. Rf4 f1=Q 39. Rxf1 Rxf1
40. c6 Kc2 41. c7 Rf7 42. Kb8 1-0

[Event "Aimchess Rapid Div 3 L"]
[Site "chess.com INT"]
[Date "2023.07.12"]
[Round "4.2"]
[White "Pantsulaia, Levan"]
[Black "Pichot, Alan"]
[Result "1-0"]
[WhiteTitle "GM"]
[BlackTitle "GM"]
[WhiteElo "2564"]
[BlackElo "2633"]
[WhiteFideId "13602071"]
[BlackFideId "110973"]
[EventDate "2023.07.10"]
[EventType "k.o."]

1. Nf3 d5 2. c4 e6 3. g3 d4 4. Bg2 Nc6 5. O-O Nh6 6. d3 Nf5 7. Na3 Bxa3 8. bxa3
O-O 9. Rb1 Rb8 10. Qa4 Qd7 11. Ne1 Nfe7 12. Nc2 b6 13. Nb4 Bb7 14. Na6 Bxa6 15.
Qxa6 Qc8 16. Qa4 Qd7 17. Bd2 a5 18. Qb5 Rfd8 19. Rfc1 Qd6 20. Bf4 e5 21. Bd2 Qe6
22. Qa4 Na7 23. Rb2 h6 24. Rcb1 Nac6 25. h4 f5 26. c5 b5 27. Qc2 b4 28. axb4
axb4 29. Bxb4 Ra8 30. Bd2 Ra3 31. Rb3 Rda8 32. Rxa3 Rxa3 33. Rb3 Ra7 34. Qb2 Kh8
35. Ra3 Rxa3 36. Qxa3 e4 37. dxe4 fxe4 38. Qb3 Qe5 39. Bf4 Qf5 40. Qc4 Nd5 41.
Bd2 e3 42. fxe3 dxe3 43. Be1 Nce7 44. Kh2 c6 45. a4 Qb1 46. Bc3 Qd1 47. Be5 Qd2
48. Qg4 Nf6 49. Bxf6 gxf6 50. Qe6 Ng8 51. Bf3 Qc1 52. Qxc6 Qf1 53. Qb5 Qf2+ 54.
Bg2 h5 55. c6 Nh6 56. Qxh5 Kg7 57. c7 Nf5 58. Qg4+ 1-0

[Event "Aimchess Rapid Div 3 L"]
[Site "chess.com INT"]
[Date "2023.07.12"]
[Round "4.2"]
[White "Smirnov, Pavel"]
[Black "Fressinet, Laurent"]
[Result "0-1"]
[WhiteTitle "GM"]
[BlackTitle "GM"]
[WhiteElo "2538"]
[BlackElo "2652"]
[WhiteFideId "4123425"]
[BlackFideId "608742"]
[EventDate "2023.07.10"]
[EventType "k.o."]

1. d4 f5 2. g3 Nf6 3. Bg2 e6 4. Nf3 d5 5. c4 Bd6 6. O-O O-O 7. Nc3 c6 8. Qc2 Ne4
9. Bf4 Bxf4 10. gxf4 Nd7 11. e3 b6 12. Nxe4 fxe4 13. Ng5 Nf6 14. f3 h6 15. Nh3
exf3 16. Rxf3 Ba6 17. b3 Rc8 18. Rg3 Qe8 19. c5 Nh5 20. Rf3 Qe7 21. Rc1 Nf6 22.
Nf2 Nd7 23. b4 Bc4 24. Rg3 Nf6 25. Qg6 Kh8 26. a3 bxc5 27. bxc5 Rb8 28. Bh3 Rb2
29. Ng4 Nxg4 30. Qxg4 Rf6 31. e4 Be2 32. Qh4 dxe4 33. Bg2 Qf8 34. Re3 Rxf4 35.
Qxf4 0-1

[Event "Aimchess Rapid Div 3 L"]
[Site "chess.com INT"]
[Date "2023.07.12"]
[Round "4.3"]
[White "Durarbayli, Vasif"]
[Black "Le, Quang Liem"]
[Result "1/2-1/2"]
[WhiteTitle "GM"]
[BlackTitle "GM"]
[WhiteElo "2631"]
[BlackElo "2728"]
[WhiteFideId "13402935"]
[BlackFideId "12401137"]
[EventDate "2023.07.10"]
[EventType "k.o."]

1. e4 e5 2. Nf3 Nc6 3. Bb5 a6 4. Ba4 d6 5. c3 Bd7 6. O-O g5 7. d4 g4 8. Ne1 h5
9. f4 exd4 10. cxd4 d5 11. Nc3 dxe4 12. d5 Nce7 13. Qd4 f6 14. Nc2 Bxa4 15.
Qxa4+ Qd7 16. Qxe4 O-O-O 17. Ne3 Kb8 18. d6 Nc6 19. dxc7+ Qxc7 20. Ned5 Qf7 21.
f5 Bd6 22. Bf4 Nge7 23. Bxd6+ Rxd6 24. Qf4 Ne5 25. Nxf6 Qxf6 26. Ne4 Nd5 27. Qg3
h4 28. Qa3 Nc4 29. Nxf6 Nxa3 30. Ne4 Rc6 31. bxa3 Rf8 32. Rae1 Ka7 33. Ng5 Rc2
34. Re5 Nc3 35. f6 Ne2+ 36. Rxe2 Rxe2 37. f7 h3 38. gxh3 gxh3 39. Nh7 Rg2+ 40.
Kh1 Rxf7 41. Rxf7 Rxa2 42. Rg7 Rxa3 43. Kg1 Ra1+ 44. Kf2 Ra2+ 45. Kf3 Rxh2 46.
Rg3 Rh1 47. Kf2 h2 48. Rh3 Ra1 49. Rxh2 1/2-1/2

[Event "Aimchess Rapid Div 3 L"]
[Site "chess.com INT"]
[Date "2023.07.12"]
[Round "4.3"]
[White "Fressinet, Laurent"]
[Black "Smirnov, Pavel"]
[Result "1-0"]
[WhiteTitle "GM"]
[BlackTitle "GM"]
[WhiteElo "2652"]
[BlackElo "2538"]
[WhiteFideId "608742"]
[BlackFideId "4123425"]
[EventDate "2023.07.10"]
[EventType "k.o."]

1. e4 e5 2. Nf3 Nc6 3. Bb5 a6 4. Ba4 Nf6 5. d3 d6 6. c4 Be7 7. h3 O-O 8. O-O Be6
9. Nc3 Nd7 10. Be3 Kh8 11. Re1 f5 12. exf5 Bxf5 13. d4 exd4 14. Nxd4 Nxd4 15.
Bxd4 Bf6 16. Bxf6 Nxf6 17. Qd4 Bd7 18. Bc2 Bc6 19. Re3 Qd7 20. c5 Rad8 21. Rd1
Qf7 22. cxd6 Rxd6 23. Qf4 Rxd1+ 24. Bxd1 Qd7 25. Bb3 b6 26. Ne2 Rd8 27. Ng3 Nd5
28. Bxd5 Qxd5 29. f3 Qc5 30. b4 Qf8 31. Qxc7 Bd5 32. a3 b5 33. Nf5 Rc8 34. Qe5
Bg8 35. Nd6 Rd8 36. Ne4 h6 37. Rc3 Rd5 38. Qg3 Rd1+ 39. Kh2 Bc4 40. Re3 Rd8 41.
Nc5 Ra8 42. Nd7 Qf7 43. Ne5 Qd5 44. Ng6+ Kh7 45. Re7 Qf5 46. Ne5 Rg8 47. Ra7 Bd5
48. f4 Qe4 49. Ng4 Kh8 50. Nxh6 Qd4 51. Nf7+ Kh7 52. Qh4+ Kg6 53. Qg5+ Kh7 54.
Qh5# 1-0

[Event "Aimchess Rapid Div 3 L"]
[Site "chess.com INT"]
[Date "2023.07.12"]
[Round "4.3"]
[White "Grischuk, Alexander"]
[Black "Andreikin, Dmitry"]
[Result "0-1"]
[WhiteTitle "GM"]
[BlackTitle "GM"]
[WhiteElo "2736"]
[BlackElo "2729"]
[WhiteFideId "4126025"]
[BlackFideId "4158814"]
[EventDate "2023.07.10"]
[EventType "k.o."]

1. c4 e6 2. Nc3 d5 3. d4 a6 4. cxd5 exd5 5. Nf3 Nf6 6. Bg5 Be6 7. e3 Nbd7 8. Bd3
h6 9. Bf4 g5 10. Bg3 Nh5 11. Be5 Nhf6 12. Qb3 g4 13. Bxf6 Qxf6 14. Ne5 Nxe5 15.
dxe5 Qxe5 16. Qxb7 Rd8 17. Qc6+ Ke7 18. O-O Qd6 19. Qa4 Bg7 20. Rad1 Rhe8 21.
Qc2 Kf8 22. Na4 d4 23. Bf5 Bxf5 24. Qxf5 Qe5 25. Qxg4 dxe3 26. Rxd8 exf2+ 27.
Rxf2 Rxd8 28. Nc3 Qe1+ 29. Rf1 Bd4+ 0-1

[Event "Aimchess Rapid Div 3 L"]
[Site "chess.com INT"]
[Date "2023.07.12"]
[Round "4.3"]
[White "Pantsulaia, Levan"]
[Black "Pichot, Alan"]
[Result "1-0"]
[WhiteTitle "GM"]
[BlackTitle "GM"]
[WhiteElo "2564"]
[BlackElo "2633"]
[WhiteFideId "13602071"]
[BlackFideId "110973"]
[EventDate "2023.07.10"]
[EventType "k.o."]

1. Nf3 Nf6 2. g3 b5 3. Bg2 Bb7 4. O-O e6 5. b3 Be7 6. c4 b4 7. d4 O-O 8. Bb2 d6
9. Re1 a5 10. Nbd2 a4 11. e4 a3 12. Bc1 e5 13. c5 dxc5 14. dxe5 Nxe4 15. Qc2
Nxd2 16. Bxd2 Nc6 17. Rad1 Qc8 18. Bg5 Qe6 19. Bxe7 Qxe7 20. Rd5 c4 21. Qxc4 Nd8
22. Rb5 c5 23. Rxc5 Ne6 24. Rb5 Rfd8 25. Qxb4 Qxb4 26. Rxb4 Bc6 27. Rc1 Ra6 28.
Ne1 Bxg2 29. Kxg2 g6 30. Ra4 Rxa4 31. bxa4 Rd4 32. Rc3 Rxa4 33. Nc2 Ra5 34. Rxa3
Rxe5 35. Ne3 Rb5 36. Ra7 Rb2 37. Nc4 Rc2 38. Ne5 f5 39. a4 Ng5 40. a5 Ne4 41.
Nd3 Rd2 42. a6 Ra2 43. Kf3 Nd6 44. Nc5 Ra5 45. Rc7 Nb5 46. Rb7 Nd6 47. Rb6 Nc4
48. Rb8+ Kf7 49. Rb7+ Kf6 50. a7 Ra3+ 51. Kg2 Nd6 52. Rb6 Rxa7 53. Rxd6+ Ke5 54.
Rd7 Ra5 55. Nb7 Ra7 56. Rxh7 g5 57. Re7+ Kf6 58. Rd7 g4 59. Nc5 Ra5 60. Nd3 Ra3
61. Nf4 Ra4 62. Rd6+ Kf7 63. h4 gxh3+ 64. Kxh3 Ra2 65. Kg2 Ra4 66. Nd5 Kg7 67.
Rf6 Rd4 68. Rxf5 Kg6 69. Ne3 Rd2 70. g4 Ra2 71. Kg3 Ra1 72. Ng2 Ra3+ 73. f3 Ra2
74. Nh4+ Kg7 75. g5 Ra1 76. Rb5 Ra4 77. f4 1-0

[Event "Aimchess Rapid Div 3 L"]
[Site "chess.com INT"]
[Date "2023.07.12"]
[Round "5.1"]
[White "Fressinet, Laurent"]
[Black "Le, Quang Liem"]
[Result "0-1"]
[WhiteTitle "GM"]
[BlackTitle "GM"]
[WhiteElo "2652"]
[BlackElo "2728"]
[WhiteFideId "608742"]
[BlackFideId "12401137"]
[EventDate "2023.07.10"]
[EventType "k.o."]

1. d4 Nf6 2. Nf3 d5 3. c4 c6 4. g3 dxc4 5. Bg2 Bf5 6. Nc3 Nbd7 7. a4 a5 8. O-O
e6 9. Nh4 Bg4 10. h3 Bh5 11. g4 Nd5 12. e4 Nb4 13. Nf5 Bg6 14. Ne3 h5 15. Nxc4
hxg4 16. Qxg4 Nc2 17. Bg5 Nf6 18. Bxf6 Qxf6 19. Rac1 Nxd4 20. e5 Qh4 21. Rcd1
Qxg4 22. hxg4 O-O-O 23. Be4 Ne2+ 24. Nxe2 Rxd1 25. Rxd1 Bxe4 26. Ng3 Bd5 27.
Nb6+ Kc7 28. Nxd5+ cxd5 29. Rd3 Rh4 30. f3 g6 31. Rc3+ Kb8 32. Ne2 Bg7 33. Re3
Rh8 34. f4 g5 35. fxg5 Rh4 36. Rf3 Rxg4+ 37. Kf1 Bxe5 38. Rxf7 Rxg5 39. Re7 Bxb2
40. Rxe6 Rg4 41. Rd6 Rxa4 42. Rxd5 Ka7 0-1

[Event "Aimchess Rapid Div 3 L"]
[Site "chess.com INT"]
[Date "2023.07.12"]
[Round "5.1"]
[White "Pantsulaia, Levan"]
[Black "Andreikin, Dmitry"]
[Result "1/2-1/2"]
[WhiteTitle "GM"]
[BlackTitle "GM"]
[WhiteElo "2564"]
[BlackElo "2729"]
[WhiteFideId "13602071"]
[BlackFideId "4158814"]
[EventDate "2023.07.10"]
[EventType "k.o."]

1. Nf3 Nf6 2. g3 d5 3. c4 e6 4. Bg2 Be7 5. O-O O-O 6. b3 b6 7. Bb2 Bb7 8. e3 c5
9. Nc3 Na6 10. Qe2 Nb4 11. d4 Ne4 12. a3 Nc6 13. dxc5 bxc5 14. cxd5 exd5 15.
Rfd1 Nxc3 16. Bxc3 Bf6 17. Bxf6 Qxf6 18. Qb5 Rab8 19. Qxc5 Rfc8 20. Nd4 Ne5 21.
Qa5 Ba6 22. Rac1 h5 23. Rxc8+ Rxc8 24. Qxd5 g6 25. h3 Kg7 26. a4 Nd3 27. Qf3 Qb6
28. Bf1 Bb7 29. Qe2 Ne5 30. Qb5 Qc7 31. Bg2 Rb8 32. Bxb7 Rxb7 33. Qd5 Rb6 34.
Nb5 Qe7 35. Nd6 Rc6 36. f4 Ng4 37. Qd4+ Nf6 38. e4 Kh7 39. e5 Qe6 40. exf6 Rxd6
41. Qxd6 Qe3+ 42. Kg2 Qe2+ 43. Kg1 Qe3+ 44. Kf1 Qf3+ 45. Ke1 Qe3+ 46. Kf1 Qf3+
47. Ke1 Qe3+ 48. Kf1 1/2-1/2

[Event "Aimchess Rapid Div 3 L"]
[Site "chess.com INT"]
[Date "2023.07.12"]
[Round "5.2"]
[White "Andreikin, Dmitry"]
[Black "Pantsulaia, Levan"]
[Result "1/2-1/2"]
[WhiteTitle "GM"]
[BlackTitle "GM"]
[WhiteElo "2729"]
[BlackElo "2564"]
[WhiteFideId "4158814"]
[BlackFideId "13602071"]
[EventDate "2023.07.10"]
[EventType "k.o."]

1. e4 c6 2. Nf3 d5 3. d3 dxe4 4. dxe4 Qxd1+ 5. Kxd1 Nf6 6. Nfd2 h5 7. Nc3 h4 8.
a4 e5 9. f3 Be6 10. Bc4 h3 11. g3 Bxc4 12. Nxc4 Nfd7 13. Be3 Na6 14. a5 Bc5 15.
Ke2 Bxe3 16. Kxe3 Nb4 17. Rhc1 Ke7 18. Nd1 b5 19. axb6 axb6 20. Rxa8 Rxa8 21. c3
Na6 22. Ra1 b5 23. Na5 Kd6 24. Nf2 Kc7 25. Nxh3 Nac5 26. b4 Ne6 27. Nf2 Nb6 28.
Nd3 f6 29. Nb3 Rh8 30. h4 Na4 31. Ndc5 Nexc5 32. Nxc5 Nxc5 33. bxc5 Kb7 34. Ra2
Rh6 35. Rd2 Kc7 36. Rh2 Rh8 37. Ra2 Kb7 38. Ra1 Rh6 39. Rh1 Rh8 40. h5 Ra8 41.
h6 gxh6 42. Rxh6 Ra3 43. Kd2 b4 44. cxb4 Rxf3 45. g4 Rf4 46. Kd3 Rxg4 47. Rxf6
Rg3+ 48. Kd2 Rb3 49. Re6 Rxb4 50. Rxe5 Ka6 51. Ke3 Kb5 52. Kf4 Rb1 53. Kf5 Rd1
54. Kf6 Rd4 55. Kf7 Kc4 56. Ke6 Kb5 57. Ke7 Kc4 58. Kf6 Kb5 59. Kf5 Kc4 60. Kf4
Kb5 61. Rh5 Kc4 62. Rg5 Rd1 63. Ke5 Kxc5 64. Ke6+ Kb4 65. e5 c5 66. Kf7 c4 67.
e6 Rf1+ 68. Kg7 Re1 69. Kf7 Rf1+ 70. Kg7 Re1 71. Kf7 Rf1+ 1/2-1/2

[Event "Aimchess Rapid Div 3 L"]
[Site "chess.com INT"]
[Date "2023.07.12"]
[Round "5.2"]
[White "Le, Quang Liem"]
[Black "Fressinet, Laurent"]
[Result "1/2-1/2"]
[WhiteTitle "GM"]
[BlackTitle "GM"]
[WhiteElo "2728"]
[BlackElo "2652"]
[WhiteFideId "12401137"]
[BlackFideId "608742"]
[EventDate "2023.07.10"]
[EventType "k.o."]

1. d4 f5 2. Nf3 Nf6 3. g3 e6 4. Bg2 d5 5. c4 Bd6 6. b3 b6 7. Ba3 Bb7 8. Bxd6
cxd6 9. O-O O-O 10. Nc3 dxc4 11. bxc4 Qe7 12. Rc1 Nbd7 13. Qa4 Rfc8 14. Rfd1 e5
15. Nxe5 Nxe5 16. dxe5 dxe5 17. Nd5 Nxd5 18. Bxd5+ Kh8 19. Bxb7 Qxb7 20. Rd7 Qe4
21. Rxa7 Rxa7 22. Qxa7 Qxe2 23. Qxb6 f4 24. c5 e4 25. Qe6 Rd8 26. gxf4 Rd1+ 27.
Rxd1 Qxd1+ 28. Kg2 Qf3+ 29. Kg1 Qd1+ 30. Kg2 Qf3+ 31. Kg1 Qd1+ 1/2-1/2